Statistics for 50 most spoken European languages/dialects

Click here to take the quiz!

General Stats

  • This quiz has been taken 55 times
  • The average score is 34 of 50

Answer Stats

HintAnswer% Correct
63MEnglish
100%
97MGerman
100%
65MItalian
100%
22MDutch
98%
81MFrench
98%
5.2MNorwegian
98%
106MRussian
98%
47MSpanish
98%
11.1MSwedish
98%
5.4MFinnish
96%
13.5MGreek
94%
1.5MRomani
94%
5.5MDanish
90%
38.5MPolish
90%
19MSerbo-Croatian
90%
7.8MBulgarian
88%
10MPortugeuse
88%
15.8MTurkish
88%
5.4MAlbanian
87%
13MHungarian
87%
5.2MSlovak
87%
1.2MEstonian
85%
1.8MLatvian
85%
3MLithuanian
85%
9MSerbian
85%
10.6MCzech
83%
24MRomanian
81%
2.1MSlovene
79%
4MCatalan
77%
2.5MBosnian
75%
3.3MBelarusian
71%
5.6MCroatian
65%
1.4MMacedonian
63%
2.4MGalician
58%
4.7MSicilian
48%
32.6MUkranian
46%
14MBavarian
44%
1.4MSardinian
38%
3.6MLombard
35%
5.7MNeapolitan
33%
4.3MTatar
33%
1.6MPiedmontese
31%
3.8MVenetian
29%
1.4MChechen
19%
1.2MBashkir
15%
1.1MChuvash
13%
5MSwiss German
13%
1.3MLimburgish
12%
2MUpper Saxon
10%
4.9MMainfrankisch
6%

Score Distribution

Percentile by Number Answered

Percent of People with Each Score

Your Score History

You have not taken this quiz